Top 5 des pays par langue #1 - Statistiques

Statistiques générales
  • Ce quiz a été pris 88 fois
  • Le résultat moyen est 27 sur 30
Statistiques - réponses
Réponse % Correct
Brésil
100%
Brésil
100%
Brésil
100%
Etats-Unis
100%
Etats-Unis
100%
Etats-Unis
100%
Etats-Unis
100%
France
100%
France
100%
France
100%
Royaume-Uni
99%
Allemagne
98%
Espagne
98%
Italie
96%
Mexique
96%
Suisse
95%
Suisse
95%
Suisse
95%
Canada
94%
Canada
94%
Argentine
93%
Argentine
93%
Portugal
90%
Australie
88%
Belgique
88%
Colombie
83%
Autriche
78%
Angola
54%
Nigeria
48%
Mozambique
32%
Aucun quiz correspondant
Distribution des résultats
% des personnes avec chaque résultat
Percentile par nombre de réponses
Votre historique - résultats
Vous n’avez pas pris ce quiz